Statistiques concernant Énigmes sur les animaux

Cliquez ici pour prendre le quiz!

Statistiques générales

  • Ce quiz a été pris 142 fois
  • Le résultat moyen est 7 sur 15

Statistiques - réponses

ÉnigmesJe suis ?% Correct
Je suis un oiseau véritable,
Quant à voler, je suis incapable.
Autruche
85%
J'ai 4 pattes, je suis le roi de la savane
et on m'utilise dans : '' Le monde de Narnia''
Lion
80%
Je suis le plus orgueilleux des animaux,
Puisque je regarde les autres de haut.
Girafe
74%
Je ramasse, j'amasse et j'entasse.
Je suis prudent; je sais que l'été passe.
Je préfère l'arbre à un palace.
Écureuil
64%
Mon grand bec est un vrai vivier
Où mes petits viennent pêcher.
Pélican
59%
Je ne quitte jamais mes petits,
Et ils sont toujours bien à l'abri.
Kangourou
51%
Avant j’étais vénéré pour ce que j’étais
Aujourd’hui manger dormir c’est tout ce que je sais
Chat
50%
Nous allons, nous venons, nous partons,
Sans jamais quitter notre maison.
Escargot
47%
J'ai des ailes et ne suis pas un oiseau;
Pourtant je vole aussi bien que le moineau.
Chauve souris
40%
Pendant tout l'hiver, moi, je dors
Et ne mets pas le nez dehors.
Marmotte
40%
Je donne mon nom et ma profession;
Je suis le grand ennemi des poissons.
Martin-pêcheur
36%
Mes points servent à alerter les gens
Pourtant je suis une pauvre bête sans défense
Coccinelle
35%
Moi, je suis d'une extrême douceur;
Aux mains caressantes, je fais peur.
Hérisson
30%
Mon costume est de toute beauté,
Pourtant, je ne marche que nu-pieds.
Paon
23%
Je suis plutôt une bête
Qui ne marche que sur la tête.
Pou
22%

Distribution des résultats

Percentile par nombre de réponses

% des personnes avec chaque résultat

Votre développement - résultats

Vous n’avez pas pris ce quiz